书目信息 |
| 题名: |
近百年西方建筑史
|
|
| 作者: | 童寯 著 ;南京工学院建筑研究所 编 | |
| 分册: | ||
| 出版信息: | 南京 南京工学院出版社 1986.02 |
|
| 页数: | 150页 | |
| 开本: | 19cm | |
| 丛书名: | ||
| 单 册: | ||
| 中图分类: | TU-091.14 | |
| 科图分类: | ||
| 主题词: | 建筑史 | |
| 电子资源: | ||
| ISBN: | ||
| 000 | 00734nam0 2200217 450 | |
| 001 | 1140374583 | |
| 005 | 20201208163039.50 | |
| 010 | @dCNY1.50 | |
| 100 | @a20111013d1986 km y0chiy0120 ea | |
| 101 | 0 | @achi |
| 102 | @aCN@b320000 | |
| 200 | 1 | @a近百年西方建筑史@Ajin bai nian xi fang jian zhu shi@f童寯著;南京工学院建筑研究所编@Ftong jun zhu;nan jing gong xue yuan jian zhu yan jiu suo bian |
| 210 | @a南京@c南京工学院出版社@d1986.02 | |
| 215 | @a150页@d19cm | |
| 300 | @a照片 | |
| 606 | 0 | @a建筑史 |
| 690 | @aTU-091.14@v4 | |
| 701 | 0 | @a童寯@Atong jun@4著 |
| 712 | 02 | @a南京工学院建筑研究所@Anan jing gong xue yuan jian zhu yan jiu suo@4编 |
| 801 | 0 | @aCN@b大连网信软件有限公司图书馆·11@c20111013 |
| 905 | @aZUCC@dTU-091.14@eT848 | |
| 近百年西方建筑史/童寯著;南京工学院建筑研究所编.-南京:南京工学院出版社,1986.02 |
| 150页;19cm |
| 照片 |
| ISBN :CNY1.50 |
| ● |
| 相关链接 |
|
|
|
正题名:近百年西方建筑史
索取号:TU-091.14/T848
 
预约/预借
| 序号 | 登录号 | 条形码 | 馆藏地/架位号 | 状态 | 备注 |
| 1 | 015691 | 200156918 | 建筑库101/101建筑库 4排4列3层/ [索取号:TU091/N121] | 在馆 |